Effective database systems /

Uložené v:
Podrobná bibliografia
Hlavný autor: Gaydasch, Alexander (Autor)
Médium: Kniha
Jazyk:English
Vydavateľské údaje: New Jersey : Prentice Hall, 1988
Tagy: Pridať tag
Žiadne tagy, Buďte prvý, kto otaguje tento záznam!

MARC

LEADER 00000nam a22000003a 4500
001 stu28970
005 20150617225738.1
008 950523s1988----xxu-----------------eng-d
040 |a STU  |b slo 
041 0 |a eng 
044 |a xxu 
080 |a 681.335 
100 1 |a Gaydasch, Alexander  |4 aut 
245 1 |a Effective database systems /  |c [aut]Gaydasch,Alexander 
260 |a New Jersey :  |b Prentice Hall,  |c 1988 
300 |a 239 s 
996 |c V*37234/O-15557  |l VV1  |s P  |a 0  |w stu28970_0001